[Event "BI-2014-P-0023"]
[Site "LSS email"]
[Date "2014.04.19"]
[Round "?"]
[White "Page, Jeffrey M"]
[Black "Alonso, Raul"]
[Result "1-0"]
[WhiteElo "1979"]
[BlackElo "970"]
[PlyCount "43"]
[EventDate "2014.04.25"]
[EventType "tourn (corr)"]
[EventRounds "10"]
[EventCountry "GER"]
[SourceTitle "Corr 2015"]
[Source "ChessBase"]
[SourceDate "2015.07.17"]
[SourceVersion "1"]
[SourceVersionDate "2015.07.17"]
[SourceQuality "1"]

1. d4 Nf6 2. c4 e6 3. Nf3 c5 4. d5 d6 5. Nc3 a6 6. e4 Nbd7 7. dxe6 fxe6 8. Qa4 Be7 9. Ng5 0-0 10. Nxe6 Qe8 11. Nc7 Qd8 12. Nxa8 b6 13. Qc6 Ne5 14. Qxb6 Qxb6 15. Nxb6 Bb7 16. Ncd5 Nxd5 17. Nxd5 Bxd5 18. cxd5 Ng4 19. f3 Ne5 20. Bxa6 Bh4+ 21. Ke2 Ng6 22. a4 1-0

[Event "BI-2014-P-0023"]
[Site "LSS email"]
[Date "2014.04.19"]
[Round "?"]
[White "Page, Jeffrey M"]
[Black "Bienkowski, Alejandro"]
[Result "1/2-1/2"]
[WhiteElo "1979"]
[BlackElo "1833"]
[PlyCount "71"]
[EventDate "2014.04.25"]
[EventType "tourn (corr)"]
[EventRounds "10"]
[EventCountry "GER"]
[SourceTitle "Corr 2015"]
[Source "ChessBase"]
[SourceDate "2015.07.17"]
[SourceVersion "1"]
[SourceVersionDate "2015.07.17"]
[SourceQuality "1"]

1. d4 Nf6 2. c4 e6 3. Nf3 b6 4. a3 Bb7 5. Nc3 d5 6. cxd5 Nxd5 7. Bd2 Nd7 8. Nxd5 Bxd5 9. Qc2 c5 10. e4 Bb7 11. Rd1 cxd4 12. Bf4 Rc8 13. Qa4 a6 14. Qxd4 f6 15. Be3 Bc5 16. Qd3 Bxe3 17. Qxe3 0-0 18. Be2 Qe7 19. 0-0 Nc5 20. e5 b5 21. exf6 Qxf6 22. Ne5 Bd5 23. f4 Qf5 24. b4 Qe4 25. Qf2 Rxf4 26. Nf3 Na4 27. Bd3 Rxf3 28. Qxf3 Qxf3 29. gxf3 Nb2 30. Rd2 Nxd3 31. Rxd3 Rc2 32. Rf2 Rc1+ 33. Kg2 Kf7 34. h4 Kf6 35. Kh2 g6 36. Rfd2 1/2-1/2

[Event "BI-2014-P-0023"]
[Site "LSS email"]
[Date "2014.04.19"]
[Round "?"]
[White "Page, Jeffrey M"]
[Black "Lubas, Jozef"]
[Result "1/2-1/2"]
[WhiteElo "1979"]
[BlackElo "2061"]
[PlyCount "63"]
[EventDate "2014.04.25"]
[EventType "tourn (corr)"]
[EventRounds "10"]
[EventCountry "GER"]
[SourceTitle "Corr 2015"]
[Source "ChessBase"]
[SourceDate "2015.07.17"]
[SourceVersion "1"]
[SourceVersionDate "2015.07.17"]
[SourceQuality "1"]

1. d4 Nf6 2. c4 g6 3. Nc3 Bg7 4. e4 d6 5. Nf3 0-0 6. Be2 e5 7. 0-0 exd4 8. Nxd4 Re8 9. f3 Nc6 10. Be3 Nh5 11. Qd2 Nxd4 12. Bxd4 Bxd4+ 13. Qxd4 Nf4 14. Rf2 a5 15. Nd5 Nxd5 16. cxd5 c5 17. dxc6 bxc6 18. Rd1 d5 19. Qc5 Bb7 20. Bf1 Re6 21. Rc2 Qf6 22. exd5 cxd5 23. Qd4 Qxd4+ 24. Rxd4 Rc6 25. Rdd2 Kf8 26. Kf2 Rac8 27. Rxc6 Rxc6 28. Bb5 Rb6 29. a4 Ke7 30. Ke3 Re6+ 31. Kd4 Kd6 32. Rf2 1/2-1/2

[Event "RB-2014-0-00240"]
[Site "LSS email"]
[Date "2014.02.06"]
[Round "?"]
[White "Pavlicek, Miroslav"]
[Black "Page, Jeffrey M"]
[Result "1/2-1/2"]
[WhiteElo "1553"]
[BlackElo "1961"]
[PlyCount "54"]
[EventDate "2014.01.02"]
[EventType "tourn (corr)"]
[EventRounds "6"]
[EventCountry "GER"]
[SourceTitle "Telechess CBM 167"]
[Source "ChessBase"]
[SourceDate "2015.07.13"]
[SourceVersion "1"]
[SourceVersionDate "2015.07.13"]
[SourceQuality "1"]

1. d4 Nf6 2. c4 g6 3. Nc3 d5 4. cxd5 Nxd5 5. e4 Nxc3 6. bxc3 Bg7 7. Nf3 c5 8. Rb1 0-0 9. Be2 cxd4 10. cxd4 Qa5+ 11. Bd2 Qxa2 12. 0-0 Bg4 13. Bg5 h6 14. Be3 Nc6 15. d5 Na5 16. Bc5 Bf6 17. e5 Bxe5 18. Rb4 Bxf3 19. Bxf3 Rfc8 20. Bxe7 Rc4 21. Rxc4 Nxc4 22. d6 Qa3 23. Bd5 Bxd6 24. Qb1 Ne5 25. Bxf7+ Kg7 26. Bxd6 Qxd6 27. Qb2 b6 1/2-1/2

[Event "RB-2013-0-00239"]
[Site "LSS email"]
[Date "2014.01.25"]
[Round "?"]
[White "Page, Jeffrey M"]
[Black "Eshuis, Johannes"]
[Result "0-1"]
[WhiteElo "1916"]
[BlackElo "2040"]
[PlyCount "48"]
[EventDate "2013.12.28"]
[EventType "tourn (corr)"]
[EventRounds "6"]
[EventCountry "GER"]
[SourceTitle "Telechess CBM 167"]
[Source "ChessBase"]
[SourceDate "2015.07.13"]
[SourceVersion "1"]
[SourceVersionDate "2015.07.13"]
[SourceQuality "1"]

1. d4 d5 2. c4 c6 3. Nf3 Nf6 4. Nc3 e6 5. Bg5 dxc4 6. e4 b5 7. e5 h6 8. Bh4 g5 9. Nxg5 hxg5 10. Bxg5 Nbd7 11. exf6 Bb7 12. g3 c5 13. d5 Qb6 14. Bg2 0-0-0 15. 0-0 b4 16. Rb1 Qa6 17. dxe6 Bxg2 18. e7 Bxf1 19. Kxf1 Bxe7 20. fxe7 Rdg8 21. Ne4 c3+ 22. Kg1 Rxg5 23. Nxg5 Qg6 24. Qe2 Qxb1+ 0-1

[Event "SC-2013-0-00205"]
[Site "LSS email"]
[Date "2013.12.09"]
[Round "?"]
[White "Page, Jeffrey M"]
[Black "Hillebrand, Carsten"]
[Result "1/2-1/2"]
[WhiteElo "1979"]
[BlackElo "1861"]
[PlyCount "34"]
[EventDate "2013.11.05"]
[EventType "tourn (corr)"]
[EventRounds "6"]
[EventCountry "GER"]
[SourceTitle "Corr 2015"]
[Source "ChessBase"]
[SourceDate "2015.07.17"]
[SourceVersion "1"]
[SourceVersionDate "2015.07.17"]
[SourceQuality "1"]

1. d4 Nf6 2. c4 g6 3. Nc3 Bg7 4. e4 d6 5. Nf3 0-0 6. Be2 e5 7. 0-0 Nc6 8. d5 Ne7 9. Ne1 Nd7 10. f3 f5 11. g4 Kh8 12. Nd3 f4 13. h4 Ng8 14. Qe1 Bf6 15. g5 Bxg5 16. hxg5 Qxg5+ 17. Kh1 Qh5+ 1/2-1/2

[Event "SC-2013-0-00205"]
[Site "LSS email"]
[Date "2013.12.09"]
[Round "?"]
[White "Soreghy, Janos"]
[Black "Page, Jeffrey M"]
[Result "0-1"]
[WhiteElo "1675"]
[BlackElo "1979"]
[PlyCount "112"]
[EventDate "2013.11.05"]
[EventType "tourn (corr)"]
[EventRounds "6"]
[EventCountry "GER"]
[SourceTitle "Corr 2015"]
[Source "ChessBase"]
[SourceDate "2015.07.17"]
[SourceVersion "1"]
[SourceVersionDate "2015.07.17"]
[SourceQuality "1"]

1. d4 Nf6 2. Nf3 g6 3. c4 Bg7 4. g3 0-0 5. Bg2 c6 6. Nc3 d5 7. cxd5 cxd5 8. Ne5 e6 9. 0-0 Nfd7 10. f4 Nc6 11. Be3 f6 12. Nf3 Nb6 13. b3 Bd7 14. Bf2 Qe7 15. Qd2 Rfd8 16. Rfc1 Rac8 17. Ne1 f5 18. e3 Be8 19. Nd3 Nd7 20. Rc2 Nf6 21. Rac1 Bf8 22. Qe2 Qd7 23. a4 Nb4 24. Nxb4 Bxb4 25. Bf3 Rc6 26. Na2 Bd6 27. Be1 Qe7 28. Rxc6 bxc6 29. Ba5 Rb8 30. Qc2 g5 31. Nc3 gxf4 32. exf4 h5 33. Kg2 h4 34. Rg1 Qh7 35. Re1 Kf7 36. Re3 Ne4 37. Ne2 hxg3 38. hxg3 Bd7 39. Kf1 c5 40. Be1 Rc8 41. Qb2 cxd4 42. Nxd4 Qh8 43. Rd3 Bc5 44. Bg2 Rb8 45. Qc2 Bxd4 46. Qc7 Qc8 47. Qxc8 Bxc8 48. Rxd4 Rxb3 49. Bxe4 fxe4 50. Kg2 Ba6 51. a5 e3 52. Rb4 Ra3 53. Rb1 Bd3 54. Rb7+ Kg6 55. Rxa7 Be4+ 56. Kf1 d4 0-1

[Event "SC-2013-0-00205"]
[Site "LSS email"]
[Date "2013.12.08"]
[Round "?"]
[White "Winkler, Matthias"]
[Black "Page, Jeffrey M"]
[Result "0-1"]
[WhiteElo "1228"]
[BlackElo "1979"]
[PlyCount "48"]
[EventDate "2013.11.05"]
[EventType "tourn (corr)"]
[EventRounds "6"]
[EventCountry "GER"]
[SourceTitle "Corr 2015"]
[Source "ChessBase"]
[SourceDate "2015.07.17"]
[SourceVersion "1"]
[SourceVersionDate "2015.07.17"]
[SourceQuality "1"]

1. d4 Nf6 2. Nf3 g6 3. c4 Bg7 4. Nc3 d5 5. Qb3 dxc4 6. Qxc4 0-0 7. e4 a6 8. Qb3 b5 9. Be2 c5 10. dxc5 Be6 11. Qc2 Nbd7 12. Be3 Rc8 13. Rd1 b4 14. Nd5 Bxd5 15. exd5 Nxc5 16. 0-0 Nce4 17. Qd3 Qd6 18. Qxa6 Rc2 19. Bd4 Nc5 20. Qxd6 exd6 21. Bb5 Nfe4 22. Ne1 Rd2 23. Bxg7 Rxd1 24. Bxf8 Kxf8 0-1

[Event "RC-2013-0-00132"]
[Site "LSS email"]
[Date "2013.11.14"]
[Round "?"]
[White "Korinek, Jaroslav"]
[Black "Page, Jeffrey M"]
[Result "1/2-1/2"]
[WhiteElo "1599"]
[BlackElo "1835"]
[PlyCount "39"]
[EventDate "2013.10.16"]
[EventType "tourn (corr)"]
[EventRounds "6"]
[EventCountry "GER"]
[SourceTitle "Telechess CBM 167"]
[Source "ChessBase"]
[SourceDate "2015.07.13"]
[SourceVersion "1"]
[SourceVersionDate "2015.07.13"]
[SourceQuality "1"]

1. e4 c5 2. Nf3 d6 3. d4 cxd4 4. Nxd4 Nf6 5. Nc3 Nc6 6. Bg5 e6 7. Qd2 Be7 8. 0-0-0 0-0 9. Ndb5 h6 10. Bxf6 Bxf6 11. Nxd6 Qc7 12. f4 Rd8 13. e5 Nxe5 14. Nce4 Ng4 15. Qe2 Be7 16. Qxg4 Bxd6 17. Rxd6 Rxd6 18. Nf6+ Kf8 19. Nh7+ Kg8 20. Nf6+ 1/2-1/2

[Event "RC-2013-0-00132"]
[Site "LSS email"]
[Date "2013.11.14"]
[Round "?"]
[White "Page, Jeffrey M"]
[Black "Hlavacek, Ladislav"]
[Result "1-0"]
[WhiteElo "1835"]
[BlackElo "1751"]
[PlyCount "107"]
[EventDate "2013.10.16"]
[EventType "tourn (corr)"]
[EventRounds "6"]
[EventCountry "GER"]
[SourceTitle "Telechess CBM 167"]
[Source "ChessBase"]
[SourceDate "2015.07.13"]
[SourceVersion "1"]
[SourceVersionDate "2015.07.13"]
[SourceQuality "1"]

1. d4 Nf6 2. c4 e6 3. Nf3 d5 4. Nc3 h6 5. Bf4 Bd6 6. Bxd6 cxd6 7. cxd5 Nxd5 8. Nxd5 exd5 9. e3 Nc6 10. Be2 Qb6 11. Qd2 Bf5 12. 0-0 0-0 13. Rfc1 Rac8 14. Ne1 Ne7 15. b4 Nc6 16. a3 Rc7 17. h4 Rfc8 18. h5 Ne7 19. b5 Kf8 20. Kf1 Bd7 21. Rxc7 Qxc7 22. a4 Bf5 23. Nd3 Qc2 24. Ke1 Be4 25. g4 Ke8 26. Nb4 Qb3 27. Bd1 Qc4 28. Qb2 Kf8 29. Qa3 Qc7 30. a5 f6 31. a6 b6 32. Nc6 Qd7 33. Rc1 Bh7 34. Kd2 Bg8 35. Bc2 Bf7 36. Bd3 Be8 37. f3 Rc7 38. Qb3 Bf7 39. Rc3 Rc8 40. Nxe7 Kxe7 41. Bf5 Be6 42. Bxe6 Rxc3 43. Qxc3 Kxe6 44. Qb3 Qc8 45. e4 Qa8 46. Ke3 Kd7 47. Qxd5 Qxd5 48. exd5 Ke7 49. Ke4 Ke8 50. Kf5 Kf7 51. f4 Ke7 52. Kg6 Kf8 53. g5 fxg5 54. fxg5 1-0

[Event "RC-2013-0-00132"]
[Site "LSS email"]
[Date "2013.11.14"]
[Round "?"]
[White "Zemlyanov, Sergey Mikhailovich"]
[Black "Page, Jeffrey M"]
[Result "1/2-1/2"]
[WhiteElo "1686"]
[BlackElo "1835"]
[PlyCount "91"]
[EventDate "2013.10.16"]
[EventType "tourn (corr)"]
[EventRounds "6"]
[EventCountry "GER"]
[SourceTitle "Telechess CBM 167"]
[Source "ChessBase"]
[SourceDate "2015.07.13"]
[SourceVersion "1"]
[SourceVersionDate "2015.07.13"]
[SourceQuality "1"]

1. e4 c5 2. Nf3 d6 3. d4 cxd4 4. Nxd4 Nf6 5. Nc3 Nc6 6. Bg5 e6 7. Qd2 Be7 8. 0-0-0 0-0 9. f4 Nxd4 10. Qxd4 Qa5 11. e5 dxe5 12. Qxe5 Qxe5 13. fxe5 Nd5 14. Bxe7 Nxe7 15. Bd3 b6 16. Be4 Rb8 17. Rhe1 b5 18. a3 a5 19. b3 g6 20. Rd4 Nf5 21. Rd2 h5 22. Kb2 Ne7 23. Rd6 b4 24. axb4 axb4 25. Na2 Rb5 26. Bd3 Rb8 27. Rd4 Nc6 28. Rc4 Rb6 29. g4 hxg4 30. Rxg4 Kg7 31. Ree4 Rh8 32. Nxb4 Rxh2 33. Nxc6 Rxc6 34. Ra4 Rc7 35. b4 Rh5 36. Ra5 g5 37. c4 Bb7 38. Ra7 f5 39. exf6+ Kxf6 40. b5 Re7 41. Rg3 e5 42. Ra1 e4 43. Be2 Rh2 44. Re1 Rg7 45. Kc3 Ke5 46. Bd1 1/2-1/2

[Event "OP-2013-0-03084"]
[Site "LSS email"]
[Date "2013.10.27"]
[Round "?"]
[White "Page, Jeffrey M"]
[Black "Raines, David T"]
[Result "1-0"]
[WhiteElo "1790"]
[BlackElo "941"]
[PlyCount "25"]
[EventDate "2013.10.25"]
[EventType "tourn (corr)"]
[EventRounds "4"]
[EventCountry "GER"]
[SourceTitle "Corr 2015"]
[Source "ChessBase"]
[SourceDate "2015.07.17"]
[SourceVersion "1"]
[SourceVersionDate "2015.07.17"]
[SourceQuality "1"]

1. d4 Nf6 2. c4 e6 3. Nf3 Bb4+ 4. Bd2 c5 5. Bxb4 cxb4 6. a3 Qa5 7. e3 Na6 8. c5 bxa3+ 9. Nc3 Nc7 10. Rxa3 Qb4 11. Qc2 b5 12. Nd2 Ncd5 13. Na2 1-0